Transformační recese - všeobecný fenomén zkoumaný na vývoji maďarské ekonomiky. 1
Špecifiká transformačnej recesie v postsocialistických krajinách. Porovnanie s klasickou recesiou kapitalistického konjunktúrneho cyklu. Analýza na príklade Maďarska.
Guardado en:
| Autor principal: | |
|---|---|
| Formato: | Capítulo de libro |
| Lenguaje: | checo |
| Materias: | |
| Etiquetas: |
Sin Etiquetas, Sea el primero en etiquetar este registro!
|
MARC
| LEADER | 00000naa a2200000 4500 | ||
|---|---|---|---|
| 001 | r014201 | ||
| 005 | 20221205080151.2 | ||
| 041 | 0 | |a cze | |
| 044 | |a CZ | ||
| 245 | 1 | 0 | |a Transformační recese - všeobecný fenomén zkoumaný na vývoji maďarské ekonomiky. 1 |c J. Kornai |
| 520 | |a Špecifiká transformačnej recesie v postsocialistických krajinách. Porovnanie s klasickou recesiou kapitalistického konjunktúrneho cyklu. Analýza na príklade Maďarska. | ||
| 610 | 2 | 0 | |a transformácia |
| 610 | 2 | 0 | |a recesia |
| 610 | 2 | 0 | |a Maďarsko |
| 610 | 2 | 0 | |a analýza ekonomická |
| 610 | 2 | 0 | |a vývoj hospodársky |
| 100 | 1 | |a Kornai, János | |